01872agaaa2200289 45000010005000000030009000050050017000140070009000310080040000400400023000800410013001031000048001161300027001642450215001912500022004062600120004283000034005485080183005825110089007655200464008545380016013185460013013346500056013477000060014037000062014637000057015259049IT-RoPAU20220918181240.0d cvaizq50131s9999||||xx ||| | || ||und|| aIT-RoPAUcIT-RoPAU aITALIANO aDamiani DamianogCodice regista SPICS: 7592 aMOGLIE PIU' BELLA (LA) aMOGLIE PIU' BELLA (LA)cProdotto da: Turchetto Bruno -- Sceneggiatura: Damiani Damiano Scandurra Sofia Ribuls Enrico -- Diretto da: Damiani DamianopMOGLIE PIU' BELLA (LA) (Rif. Codice opera principale : 29049) aEdizione Standard a(ITALIA)bP.A.C. - EXPLORER FILM '58 / Distribuzione: MASTER VIDEOg"1970 (1° ed.: 1988 ; Ed. Lingua Orig.: 1970)" aVHSbsonoro, col.c105 minuti a"Fotografia: Di Giacomo Franco; Montaggio: Siciliano Antonio; Musica: Morricone Ennio; Sceneggiatura: Damiani Damiano Scandurra Sofia Ribuls Enrico; Scenografia: Turco Umberto; " a"Muti Ornella; Orano Alessio; Sentieri Rino; Cimarosa Tano; Tot Amerigo; Apra' P.L." aVITO-JUVARA-AL-SERVIZIO-DEL-CAPO-MAFIA-DI-UN-CENTRO-SICILIANO-RESPINTO-DALLA-GIOVANE-FIGLIA-DI-UN-BRACCIANTE-LA-BELLA-FRANCESCA-CIMAROSA-LA-RAPISCE-E-LA-VIOLENTA-CERTO-CHE-ELLA-CHIEDERA'-DI-SPOSARLO LA-RAGAZZA-DENUNCIA-VITO-ALLA-GIUSTIZIA-DENUNCIA-CHE-I-GENITORI-DI-LEI-NON-SOTTOSCRIVONO-PER-TIMORE-DI-RAPPRESAGLIE-FINCHE'-UN-CORAGGIOSO-GESTO-DELLA-RAGAZZA-NON-LI-INDURRA'-AD-AGIRE VITO-E-I-COMPLICI-VENGONO-ARRESTATI FILM-A-COLORI-AMBIENTATO-IN-SICILIA MAFIA aPAL, STEREO aITALIANO aDRAMMATICOeFILMS [VHS]xCodice MATERIA SPICS: 9960 aDamiani Damiano e(regista)gCodice regista SPICS: 7592 aDamiani Damiano e(soggetto)gCodice Soggetto SPICS: 7592 aMorricone Ennioe(musica)gCodice Musica SPICS: 3535